| 000 | 00490pab a2200157 454500 | ||
|---|---|---|---|
| 008 | 180718b2002 xxu||||| |||| 00| 0 eng d | ||
| 100 | _aBissessar, Anni Marie | ||
| 245 | _aGlobalization, domestic politics and the introduction of new public management in the Commonwealth Caribbean | ||
| 260 | _c2002 | ||
| 300 | _ap.113-25. | ||
| 362 | _aMar | ||
| 650 | _aGlobalization | ||
| 650 | _aPublic administration | ||
| 773 | _aInternational Review of Administrative Science | ||
| 909 | _a52313 | ||
| 999 |
_c52313 _d52313 |
||